| 000 | 01117nam a2200289 a 4500 | ||
|---|---|---|---|
| 001 | 000029091 | ||
| 003 | DO-SdBNP | ||
| 005 | 20221115081025.0 | ||
| 007 | ta | ||
| 008 | 110413s2010 dr c 000 0 spa d | ||
| 020 | _a9789945867817 | ||
| 040 |
_aDO-SdBNP _bspa _cBNPHU |
||
| 082 | 4 |
_a152.41 _bP438a _222 |
|
| 100 | 1 |
_aPérez de Disla, Digna Emérita _955994 |
|
| 245 | 1 | 0 |
_aAmor sin límites : _b"amar es dar sin esperar recibir" / _cDigna Emérita Pérez de Disla; prólogo Pedro Ramón Gómez Veláquez, Blanca Margarita Martínez de Gómez. |
| 260 |
_aSanto Domingo : _bPemart Gráficos impresos, _c2010. |
||
| 300 |
_a169 p. : _bretrs. ; _c21 cm. |
||
| 500 | _aIncluye datos biográficos de la autora en la solapa de la cubierta | ||
| 504 | _aBibliografía : p. 169 | ||
| 590 | _aInventariado, 2018/LP | ||
| 650 | 4 |
_aAmor _xAspectos psicológicos _912970 |
|
| 650 | 4 |
_aAmor _xAspectos religiosos _955995 |
|
| 700 | 1 | 2 |
_aGómez Veláquez, Pedro Rámón, _epról. _955996 |
| 700 | 1 | 2 |
_aMartínez de Gómez, Blanca Margarita, _epról. _955997 |
| 910 | _aValidado. Controle de calidad MFF | ||
| 942 |
_2ddc _cLBS1 |
||
| 999 |
_c28583 _d28583 |
||